| Tag |
First Indicator |
Second Indicator |
Subfields |
| LEADER |
00000cam a22000008a 4500 |
| 001 |
in00000015521 |
| 005 |
20151007052532.0 |
| 008 |
870819s1987 enkbf b 00110 eng d |
| 010 |
|
|
|a gb 87042327
|
| 015 |
|
|
|a GB87-42327
|
| 020 |
|
|
|a 1851090312 :
|c £28.00 (Sept.)
|
| 035 |
|
|
|a (OCoLC)16802789
|
| 035 |
|
|
|9 AAA8191AM
|
| 040 |
|
|
|a UKM
|c UKM
|d UtOrBLW
|
| 043 |
|
|
|a nwdq---
|
| 049 |
|
|
|a TXAM
|c [A12613955]
|
| 050 |
|
4 |
|a Z1502.B5
|b M93 1987
|
| 082 |
0 |
|
|a 016.97298/41
|2 19
|
| 100 |
1 |
|
|a Myers, Robert A.
|
| 245 |
1 |
0 |
|a Dominica /
|c Robert A. Myers, compiler.
|
| 264 |
|
1 |
|a Oxford ;
|a Santa Barbara, Calif. :
|b Clio,
|c 1987.
|
| 300 |
|
|
|a xxv, 190 pages, 1 unnumbered leaf of plates :
|b map ;
|c 22 cm.
|
| 336 |
|
|
|a text
|b txt
|2 rdacontent
|
| 337 |
|
|
|a unmediated
|b n
|2 rdamedia
|
| 338 |
|
|
|a volume
|b nc
|2 rdacarrier
|
| 490 |
1 |
|
|a World bibliographical series ;
|v 82
|
| 500 |
|
|
|a Includes index.
|
| 651 |
|
0 |
|a Dominica
|x Bibliography.
|
| 830 |
|
0 |
|a World bibliographical series ;
|v 82.
|
| 999 |
|
|
|a MARS
|
| 999 |
f |
f |
|s e7fa89fe-1786-36cc-aeeb-950669c52509
|i 507180d4-dd01-380f-b277-22695fbb4bd1
|t 0
|
| 952 |
f |
f |
|p normal
|a Texas A&M University
|b College Station
|c Sterling C. Evans Library
|d Evans: Library Stacks
|t 0
|e Z1502.B5 M93 1987
|h Library of Congress classification
|i unmediated -- volume
|m A14812613955
|
| 998 |
f |
f |
|a Z1502.B5 M93 1987
|t 0
|l Evans: Library Stacks
|